|
|
|
|
| LEADER |
00947nam a22002411a 4500 |
| 001 |
000698780 |
| 003 |
CZ BrMZK |
| 005 |
20031203073636.0 |
| 008 |
031203s1963 xr f cze d |
| 015 |
|
|
|a cnb000475144
|
| 035 |
|
|
|a (OCoLC)42098417
|
| 040 |
|
|
|a BOA001
|b cze
|c BOA001
|
| 100 |
1 |
|
|a Heczko, Jaromír
|7 jk01040471
|4 aut
|
| 245 |
1 |
0 |
|a Technologie pro 1. a 2. ročník odborných učilišť a učňovských škol :
|b učební obor svrškař - 1152 /
|c Jaromír Heczko
|
| 250 |
|
|
|a 1. vyd.
|
| 260 |
|
|
|a Praha :
|b Státní pedagogické nakladatelství,
|c 1963
|
| 300 |
|
|
|a 164 s.
|
| 490 |
1 |
|
|a Učebnice odborných učilišť a učňovských škol
|
| 830 |
|
0 |
|a Učebnice odborných učilišť a učňovských škol
|0 s
|
| 910 |
|
|
|a BOA001
|b PK-N-0007.120
|
| 964 |
|
|
|a Obuvnictví - technologie - učebnice - školy učňovské
|
| 990 |
|
|
|a BK
|
| 996 |
7 |
|
|b 3119692835
|c PK-N-0007.120
|l MZK
|r Sklad / do 1 hodiny
|n 1
|w 000698780
|u 000010
|a 1
|e BOA001
|j MZK50
|s A
|